000 01758nam a22003614a 4500
001 ebr10265516
003 CaPaEBR
006 m u
007 cr cn|||||||||
008 040713s2004 nyua sb 001 0 eng
010 _z 2004016371
020 _z0826115160
040 _aCaPaEBR
_cCaPaEBR
035 _a(OCoLC)298464053
043 _an-us---
050 1 4 _aHD7287.92.U54
_bA44 2004eb
082 0 4 _a362.16/0973
_222
100 1 _aAllen, James E.
_q(James Elmore),
_d1935-
245 1 0 _aAssisted living administration
_h[electronic resource] :
_bthe knowledge base /
_cJames E. Allen.
250 _a2nd ed.
260 _aNew York :
_bSpringer Publishing Co.,
_cc2004.
300 _axv, 541 p. :
_bill.
504 _aIncludes bibliographical references (p. 529-541) and index.
505 0 _aAssisted living industry overview, management, leadership -- Assisted living facility organizational patterns; human resources -- Assisted living facility financing, business operations -- The assisted living facility environment : the long term care continuum laws and regulations -- Assisted living facility resident care.
533 _aElectronic reproduction.
_bPalo Alto, Calif. :
_cebrary,
_d2013.
_nAvailable via World Wide Web.
_nAccess may be limited to ebrary affiliated libraries.
650 0 _aCongregate housing
_zUnited States
_xAdministration.
650 0 _aOlder people
_xHome care
_zUnited States.
650 0 _aOlder people
_xHousing
_zUnited States.
650 0 _aCommunity health services for older people
_zUnited States.
655 7 _aElectronic books.
_2local
710 2 _aebrary, Inc.
856 4 0 _uhttp://site.ebrary.com/lib/rucke/Doc?id=10265516
_zAn electronic book accessible through the World Wide Web; click to view
999 _c10014
_d10014